| 000 | 00818ntm a22002177a 4500 | ||
|---|---|---|---|
| 005 | 20170809102756.0 | ||
| 008 | 170802s xx a frb 000 0 eng d | ||
| 040 |
_aEG-ScBUE _beng _cEG-ScBUE |
||
| 082 | 4 | 0 |
_222 _a624 _bATT |
| 100 | 1 | _aEl-Attal, Ahmed Khaled. | |
| 245 | 1 | 0 |
_aInnovation inn construction as an approach for achieving competitive advantage in construction / _cAhmed Khaled El-Attal. |
| 260 | _c2010 | ||
| 300 |
_a64 p. : _bill. (col.); _c28 cm. |
||
| 500 | _aA dissertation submitted to the faculty of engineering the British University in Egypt,in partial fulfillment of the requirements for the bachelor degree in architectural engineering | ||
| 590 | _anagwa | ||
| 650 |
_2BUEsh _aCivil Engineering _vProjects |
||
| 653 |
_bENGCIV _cAugust2017 |
||
| 655 | _vSPRO | ||
| 700 | 1 | _eths | |
| 942 | _2ddc | ||
| 999 |
_c25367 _d25339 |
||